[Event "Gotth' Art Cup IM"]
[Site "Szentgotthard HUN"]
[Date "2010.02.22"]
[Round "1"]
[White "Banas,J"]
[Black "Feher,Ad"]
[Result "1/2-1/2"]
[WhiteElo "2341"]
[BlackElo "2260"]
[EventDate "2010.02.22"]

1. e4 c6 2. d4 d5 3. exd5 cxd5 4. c4 Nf6 5. Nc3 Nc6 6. Bg5 e6 7. c5 Be7 8.
Bb5 O-O 9. Nf3 Ne4 10. Bxe7 Nxe7 11. Qc2 Qa5 12. Bd3 Nxc3 13. bxc3 h6 14.
O-O b6 15. Rab1 Ba6 16. Bxa6 Qxa6 17. cxb6 axb6 18. Rb2 Rfc8 19. Rc1 Nf5
20. Qb1 Rab8 21. Ne5 Rc7 22. g3 Nd6 23. Kg2 Qa5 24. Rb3 Ne4 25. Qb2 Qa6 26.
Ra3 Qc8 27. Rb3 f6 28. Nd3 Qa6 29. Nf4 Rc6 30. Ra3 Qc8 31. f3 Nd6 32. Ra7
Rb7 33. Rxb7 Nxb7 34. Qe2 Nd8 35. Qd3 Nf7 36. Qg6 Nh8 37. Qd3 Nf7 38. Qg6
Nh8 39. Qd3 Nf7 1/2-1/2

[Event "Gotth' Art Cup IM"]
[Site "Szentgotthard HUN"]
[Date "2010.02.22"]
[Round "1"]
[White "Szabo,Ben"]
[Black "Baratosi,D"]
[Result "1/2-1/2"]
[WhiteElo "2261"]
[BlackElo "2396"]
[EventDate "2010.02.22"]

1. d4 Nf6 2. c4 e6 3. Nc3 Bb4 4. Qc2 d5 5. cxd5 exd5 6. Bg5 h6 7. Bh4 c5 8.
dxc5 g5 9. Bg3 Ne4 10. e3 Nc6 11. Bd3 Nxg3 12. hxg3 Be6 13. Nge2 Bxc5 14.
Rd1 Qe7 15. a3 d4 16. exd4 Nxd4 17. Nxd4 Bb3+ 18. Qe2 Bxd1 19. Qxe7+ Kxe7
20. Nf5+ Kf6 21. Nxd1 Rad8 22. Be4 h5 23. Nc3 Rd7 24. g4 h4 25. Rh3 Re8 26.
Rf3 Ke5 27. Ng7 Ree7 28. Rf5+ Kd4 29. Rxg5 Kc4 30. Nf5 Re8 31. Nxh4 Bxa3
32. bxa3 Kxc3 33. f3 b6 34. Kf2 Rd2+ 35. Kg3 Ra2 36. Bd5 Rxa3 37. Bxf7 Rb8
38. Rf5 b5 39. g5 b4 40. g6 b3 41. Bxb3 Raxb3 42. Ra5 R3b7 43. Nf5 Rb5 44.
Ra3+ Kb4 45. Rxa7 Rxf5 46. Kg4 Rbb5 47. f4 Rf6 48. g7 Rg6+ 49. Kf3 1/2-1/2

[Event "Gotth' Art Cup IM"]
[Site "Szentgotthard HUN"]
[Date "2010.02.22"]
[Round "1"]
[White "Paschall,W"]
[Black "Lorand,N"]
[Result "0-1"]
[WhiteElo "2398"]
[BlackElo "2346"]
[EventDate "2010.02.22"]

1. Nf3 Nf6 2. c4 g6 3. Nc3 d5 4. e3 Bg7 5. d4 O-O 6. cxd5 Nxd5 7. Bc4 Nxc3
8. bxc3 c5 9. O-O Nc6 10. Qe2 b6 11. Rd1 Qc7 12. Bb2 Bb7 13. Rac1 e6 14.
Ba3 Rfd8 15. h4 h5 16. Ng5 Na5 17. Bd3 Rac8 18. f4 cxd4 19. cxd4 Qd7 20.
Qb2 Bd5 21. Bb5 Qb7 22. Qe2 Rxc1 23. Rxc1 Rc8 24. Rxc8+ Qxc8 25. Nf3 Nc4
26. Bb4 a6 27. e4 axb5 28. exd5 exd5 29. f5 Bh6 30. Ng5 Bxg5 31. hxg5 gxf5
32. Qxh5 Qe6 33. Kh2 Ne3 34. Qf3 Qe4 35. Bd6 Qxd4 36. Bf4 Ng4+ 37. Kg3 Qg1
38. Qe2 Qd4 39. Qe8+ Kg7 40. g6 Qc3+ 41. Kh4 Qf6+ 42. Bg5 Qxg6 43. Qxb5 Qd6
44. g3 f6 45. Qb2 Kg6 46. Bc1 Qd8 47. Kh3 Qh8+ 48. Kg2 Qh2+ 0-1

[Event "Gotth' Art Cup IM"]
[Site "Szentgotthard HUN"]
[Date "2010.02.22"]
[Round "1"]
[White "Rudolf,An"]
[Black "Gergacz,A"]
[Result "1-0"]
[WhiteElo "2283"]
[BlackElo "2421"]
[EventDate "2010.02.22"]

1. e4 e5 2. Nf3 Nc6 3. Bc4 Bc5 4. c3 Nf6 5. d3 a6 6. O-O O-O 7. Nbd2 d6 8.
Bb3 Ba7 9. Nc4 h6 10. h3 Be6 11. Be3 b5 12. Ncd2 Re8 13. Bxe6 fxe6 14. Bxa7
Rxa7 15. d4 Qe7 16. Qe2 Nd7 17. a4 Rb7 18. axb5 axb5 19. Ra6 Ndb8 20. Ra8
exd4 21. cxd4 Nb4 22. Rfa1 c5 23. dxc5 dxc5 24. e5 Rd8 25. Ne4 c4 26. Nd6
Rbd7 27. Nxb5 Qc5 28. Nd6 Rc7 29. R1a5 Qc6 30. Nd4 Qd7 31. N4b5 Rb7 32.
Nxb7 Qxb7 33. Nd6 Qe7 34. R5a7 Qg5 35. Qxc4 Nd5 36. Nf7 1-0

[Event "Gotth' Art Cup IM"]
[Site "Szentgotthard HUN"]
[Date "2010.02.22"]
[Round "1"]
[White "Nagy,Ga1"]
[Black "Biro,S"]
[Result "1-0"]
[WhiteElo "2278"]
[BlackElo "2298"]
[EventDate "2010.02.22"]

1. e4 e5 2. Nf3 Nc6 3. Bb5 g6 4. c3 a6 5. Ba4 d6 6. d4 Bd7 7. O-O Bg7 8.
Re1 Nge7 9. Be3 O-O 10. dxe5 dxe5 11. Bc5 Qe8 12. Nbd2 Rd8 13. Qe2 Kh8 14.
Nf1 Nb8 15. Bxd7 Nxd7 16. Ba3 h6 17. Ne3 Rg8 18. Rad1 Rc8 19. Qd2 Nf8 20.
Ng4 f6 21. Nxh6 Bxh6 22. Qxh6+ Nh7 23. Qh3 Rd8 24. Rxd8 Qxd8 25. Qe6 Nc6
26. h3 Rg7 27. Kh2 Rd7 28. Nh4 Kg7 29. Qb3 Na5 30. Qa4 c6 31. Nf3 b5 32.
Qc2 Nc4 33. Bc5 Nd2 34. Nxd2 Rxd2 35. Qb3 Qd7 36. Be3 Rd3 37. a4 f5 38.
exf5 gxf5 39. axb5 cxb5 40. Qa3 Kf7 41. Qa2+ Kg7 42. Qb1 f4 43. Bd4 Rxh3+
44. gxh3 Ng5 45. Qd3 exd4 46. Rg1 Kf6 47. h4 Ne6 48. cxd4 Qd5 49. Qg6+ Ke7
50. Re1 a5 51. h5 Kd7 52. Qxe6+ 1-0

[Event "Gotth' Art Cup IM"]
[Site "Szentgotthard HUN"]
[Date "2010.02.23"]
[Round "2"]
[White "Baratosi,D"]
[Black "Paschall,W"]
[Result "1-0"]
[WhiteElo "2396"]
[BlackElo "2398"]
[EventDate "2010.02.22"]

1. e4 c5 2. Nf3 g6 3. d4 cxd4 4. Nxd4 Bg7 5. Nc3 Nc6 6. Be3 Nf6 7. Bc4 O-O
8. Bb3 Qa5 9. O-O d6 10. h3 Bd7 11. f4 Qh5 12. Qxh5 Nxh5 13. Nde2 Nf6 14.
Rad1 Be6 15. Bxe6 fxe6 16. g4 Ne8 17. a3 Nc7 18. b4 b5 19. Nd4 Nxd4 20.
Bxd4 Bxd4+ 21. Rxd4 a5 22. e5 d5 23. Kg2 axb4 24. axb4 Ra6 25. Rf3 Rc6 26.
Kg3 Rc4 27. Rfd3 Ra8 28. Kf3 Ra3 29. Ne2 Ra1 30. c3 Ra3 31. Ke3 Kf7 32. Rd2
Rc6 33. R4d3 h5 34. Rc2 Ra1 35. Rc1 Ra2 36. gxh5 gxh5 37. Rf1 Rc4 38. Rd4
Na8 39. f5 Nb6 40. Nf4 Rxc3+ 41. Rd3 Nc4+ 42. Kd4 Rxd3+ 43. Nxd3 Rd2 44.
Kc3 exf5 45. Rxf5+ Kg6 46. Rf8 Kg5 47. Rb8 Kf5 48. Rxb5 Ke4 49. Nc5+ Ke3
50. Rb7 Ra2 51. b5 Rb2 52. e6 Rb1 53. Rxe7 Na3 54. Nb3 Nxb5+ 55. Kc2 Rh1
56. Rd7 Rh2+ 57. Kc1 Nc3 58. e7 Kd3 59. Nc5+ Kc4 60. e8=Q Rh1+ 61. Kd2 Rh2+
62. Ke1 1-0

[Event "Gotth' Art Cup IM"]
[Site "Szentgotthard HUN"]
[Date "2010.02.23"]
[Round "2"]
[White "Feher,Ad"]
[Black "Biro,S"]
[Result "0-1"]
[WhiteElo "2260"]
[BlackElo "2298"]
[EventDate "2010.02.22"]

1. e4 e5 2. Nf3 Nc6 3. Bb5 a6 4. Ba4 d6 5. c3 f5 6. exf5 Bxf5 7. O-O Bd3 8.
Re1 Be7 9. Bc2 Bxc2 10. Qxc2 Nf6 11. d4 e4 12. Nfd2 d5 13. f3 exf3 14. Nxf3
O-O 15. Bg5 Ne4 16. Bxe7 Nxe7 17. Qb3 Kh8 18. Qxb7 Rb8 19. Qxa6 Rxb2 20.
Qa3 Rb8 21. Qc1 Ng6 22. Nbd2 Nf4 23. Re3 Qf6 24. g3 Qg6 25. Nxe4 dxe4 26.
Ne5 Nh3+ 27. Kh1 Qf5 28. Re2 g5 29. Rb1 e3 30. Rxb8 Qe4+ 0-1

[Event "Gotth' Art Cup IM"]
[Site "Szentgotthard HUN"]
[Date "2010.02.23"]
[Round "2"]
[White "Banas,J"]
[Black "Szabo,Ben"]
[Result "0-1"]
[WhiteElo "2341"]
[BlackElo "2261"]
[EventDate "2010.02.22"]

1. c4 c5 2. Nf3 Nf6 3. Nc3 Nc6 4. d4 cxd4 5. Nxd4 e6 6. a3 Be7 7. e4 O-O 8.
Nf3 Qc7 9. Be2 Rd8 10. O-O b6 11. Bg5 Bb7 12. Rc1 Rac8 13. Re1 Qb8 14. Bf1
Ne8 15. Bxe7 Nxe7 16. Nd4 Ng6 17. b3 Nf6 18. Qd2 d5 19. exd5 exd5 20. cxd5
Nxd5 21. Nxd5 Rxd5 22. Rxc8+ Qxc8 23. Qc2 Rc5 24. Qb2 h6 25. b4 Rg5 26. g3
Qd7 27. Qc3 Qd5 28. f3 h5 29. Bc4 Qd8 30. Bf1 h4 31. g4 Qf6 32. h3 Rd5 33.
Re8+ Kh7 34. Ne2 Qd6 35. Re3 Ba6 36. f4 Bxe2 37. Bxe2 Nxf4 38. Bf1 Ng6 39.
Rd3 Rxd3 40. Qxd3 Qxd3 41. Bxd3 Kh6 42. Kf2 Nf4 43. Bf1 Kg5 44. Ke3 f5 45.
gxf5 Kxf5 46. Ba6 Ke5 47. Bc8 Nd5+ 48. Kf3 Nf6 49. Ke3 g5 50. Bb7 Ne8 51.
Kf3 Nd6 52. Bc6 Nc4 53. a4 Kd4 54. Bb5 Ne5+ 55. Ke2 Kc3 56. Ke3 Kxb4 57.
Ke4 Nc4 58. Kf5 Nd6+ 59. Kxg5 Nxb5 60. Kxh4 Kxa4 61. Kg5 Nd4 62. Kf4 b5 63.
h4 b4 64. h5 b3 65. h6 Ne6+ 0-1

[Event "Gotth' Art Cup IM"]
[Site "Szentgotthard HUN"]
[Date "2010.02.23"]
[Round "2"]
[White "Lorand,N"]
[Black "Rudolf,An"]
[Result "0-1"]
[WhiteElo "2346"]
[BlackElo "2283"]
[EventDate "2010.02.22"]

1. e4 e6 2. d4 d5 3. Nc3 Bb4 4. e5 b6 5. Qg4 Bf8 6. Bg5 Qd7 7. h4 h5 8. Qd1
Ba6 9. Bxa6 Nxa6 10. Nge2 c5 11. O-O Nb4 12. Nb1 cxd4 13. Nxd4 Nc6 14. Nxc6
Qxc6 15. Nd2 Ne7 16. Bxe7 Bxe7 17. g3 O-O-O 18. Nf3 Qc4 19. c3 Kb7 20. Nd2
Qc7 21. Nf3 Qc4 22. Nd4 g5 23. Qf3 Rh7 24. hxg5 Bxg5 25. Qe2 Rg8 26. Kg2 h4
27. Rh1 Rhg7 28. Qxc4 dxc4 29. g4 Bf4 30. Rxh4 Bxe5 31. f3 Rd8 32. Rd1 f5
33. Rh6 fxg4 34. Rxe6 Bc7 35. Rf6 gxf3+ 36. Kxf3 Rg3+ 37. Kf2 Rdg8 38. Ke2
Re8+ 39. Ne6 Be5 40. Rh6 Bg7 41. Rd7+ Kc8 42. Rc7+ Kb8 43. Rxg7 Rxg7 44.
Kf3 Rge7 45. Nd4 Rf8+ 46. Kg2 Rg7+ 47. Kh3 Rf1 0-1

[Event "Gotth' Art Cup IM"]
[Site "Szentgotthard HUN"]
[Date "2010.02.23"]
[Round "2"]
[White "Gergacz,A"]
[Black "Nagy,Ga1"]
[Result "1-0"]
[WhiteElo "2421"]
[BlackElo "2278"]
[EventDate "2010.02.22"]

1. Nf3 Nf6 2. c4 c5 3. Nc3 d5 4. cxd5 Nxd5 5. e4 Nb4 6. Bc4 Nd3+ 7. Ke2
Nxc1+ 8. Rxc1 Nc6 9. Qb3 e6 10. Bb5 Bd7 11. Rhd1 Bd6 12. d4 cxd4 13. Bxc6
Bxc6 14. Nxd4 Qe7 15. Ncb5 Bf4 16. Nxc6 bxc6 17. Rxc6 O-O 18. g3 Be5 19. f4
a6 20. Nd4 Bxd4 21. Rxd4 e5 22. fxe5 Qxe5 23. Qd5 Qe8 24. Kf2 Kh8 25. Kg2
h6 26. b4 Rc8 27. Rxc8 Qxc8 28. Qc5 Qa8 29. Kh3 Kh7 30. a4 Qe8 31. Qf5+ g6
32. Qd7 Qe5 33. Qd5 Qf6 34. Kg2 Re8 35. Rd2 Qe7 36. Rd4 Rc8 37. Rd2 Re8 38.
Rf2 Kg7 39. e5 Rd8 40. Rxf7+ Qxf7 41. Qxd8 Qa2+ 42. Kf3 Qb3+ 43. Ke2 Qb2+
44. Qd2 Qxe5+ 45. Kd3 Qf5+ 46. Kc4 Qf7+ 47. Kc3 Kh7 48. Qd6 Qf3+ 49. Kd4
Qd1+ 50. Ke5 Qe2+ 51. Kf6 Qf2+ 52. Qf4 Qb6+ 53. Ke7 h5 54. Qd6 Qe3+ 55. Kd7
Qb3 56. Kc7 Kh6 57. Qf4+ Kh7 58. a5 Qd5 59. Qd6 Qc4+ 60. Qc5 Qe2 61. Kb7
Kh6 62. Qd6 Qxh2 63. Qf4+ g5 64. Qf6+ Kh7 65. Qxg5 Qg2+ 66. Kb6 Qe2 67.
Qf5+ Kg7 68. Qd7+ Kf6 69. Qd6+ Kg5 70. Qf4+ Kg6 71. Ka7 Qd3 72. Qe5 Qc4 73.
Qc5 Qe4 74. Kxa6 Qa8+ 75. Qa7 Qc8+ 76. Qb7 Qc4+ 77. b5 Kg5 78. Qg7+ Kf5 79.
Qd7+ Kg5 80. Ka7 Qd4+ 81. Qxd4 1-0

[Event "Gotth' Art Cup IM"]
[Site "Szentgotthard HUN"]
[Date "2010.02.24"]
[Round "3"]
[White "Nagy,Ga1"]
[Black "Lorand,N"]
[Result "1/2-1/2"]
[WhiteElo "2278"]
[BlackElo "2346"]
[EventDate "2010.02.22"]

1. e4 c5 2. Nf3 d6 3. d4 cxd4 4. Nxd4 Nf6 5. Nc3 a6 6. Bc4 e6 7. Bb3 Nbd7
8. Bg5 Nc5 9. f4 Be7 10. Qf3 Qc7 11. O-O h6 12. Bh4 O-O 13. Rae1 Ne8 14.
Bxe7 Qxe7 15. f5 Bd7 16. Qg3 Kh7 17. e5 dxe5 18. Qxe5 f6 19. Qg3 e5 20.
Qg6+ Kh8 21. Bd5 Nc7 22. b4 Nxd5 23. Nxd5 Qd6 24. c4 Nd3 25. Ne6 Bxe6 26.
fxe6 Nxe1 27. e7 Rfe8 28. Rxf6 gxf6 29. Qxh6+ Kg8 30. Qg6+ Kh8 31. Qh6+ Kg8
32. Qg6+ Kh8 1/2-1/2

[Event "Gotth' Art Cup IM"]
[Site "Szentgotthard HUN"]
[Date "2010.02.24"]
[Round "3"]
[White "Biro,S"]
[Black "Gergacz,A"]
[Result "0-1"]
[WhiteElo "2298"]
[BlackElo "2421"]
[EventDate "2010.02.22"]

1. e4 c6 2. Nf3 d5 3. exd5 cxd5 4. Ne5 Nc6 5. d4 e6 6. c3 Nxe5 7. dxe5 Qc7
8. Bf4 Ne7 9. Nd2 Ng6 10. Bb5+ Bd7 11. Bxd7+ Qxd7 12. Bg3 Bc5 13. h4 h5 14.
O-O Be7 15. Nf3 Rc8 16. Qd3 Qc6 17. Rad1 Qc4 18. Qb1 Bc5 19. Nd4 Bxd4 20.
Rxd4 Qa6 21. f4 Ne7 22. Bf2 Nf5 23. Rxd5 Qc4 24. Rd4 Nxd4 25. Bxd4 Rh6 26.
Qe4 Rc7 27. b3 Qc6 28. Qxc6+ Rxc6 29. c4 a6 30. Kf2 b5 31. c5 Ke7 32. Be3
Rh8 33. Rd1 Rd8 34. Rd6 Rdxd6 35. exd6+ Kd7 36. Kf3 Rc8 37. Ke4 Kc6 38. b4
a5 39. Bd2 Rh8 40. a3 axb4 41. Bxb4 Rh6 42. g3 Rf6 43. Bc3 Rf5 44. Bb4 Rd5
45. Ke3 Rd1 46. Ke2 Rb1 47. Kf2 Rb3 48. Kg2 Rd3 49. Kf2 f6 50. Kg2 e5 51.
fxe5 fxe5 52. Kf2 e4 53. Kg2 Rf3 54. Bd2 Rxa3 0-1

[Event "Gotth' Art Cup IM"]
[Site "Szentgotthard HUN"]
[Date "2010.02.25"]
[Round "4"]
[White "Banas,J"]
[Black "Rudolf,An"]
[Result "0-1"]
[WhiteElo "2341"]
[BlackElo "2283"]
[EventDate "2010.02.22"]

1. c4 e5 2. Nc3 Nf6 3. Nf3 Nc6 4. a3 d5 5. cxd5 Nxd5 6. Qc2 Be7 7. e3 O-O
8. Be2 Be6 9. d3 f5 10. O-O Qe8 11. Nxd5 Bxd5 12. e4 Be6 13. exf5 Bxf5 14.
Qb3+ Kh8 15. Be3 Qg6 16. Kh1 Rad8 17. Rfc1 Bc8 18. Qa4 Bd6 19. Rxc6 bxc6
20. Qxa7 Be6 21. Bg5 Rde8 22. Qe3 Bd5 23. Nh4 Qf7 24. Bf3 Kg8 25. Qe2 Bxf3
26. Nxf3 Qh5 27. h4 h6 28. Be3 e4 29. dxe4 Rxe4 30. Qd1 Rxf3 31. gxf3 Rxh4+
32. Kg2 Rh2+ 0-1

[Event "Gotth' Art Cup IM"]
[Site "Szentgotthard HUN"]
[Date "2010.02.25"]
[Round "4"]
[White "Feher,Ad"]
[Black "Gergacz,A"]
[Result "0-1"]
[WhiteElo "2260"]
[BlackElo "2421"]
[EventDate "2010.02.22"]

1. e4 c5 2. Nf3 d6 3. d4 cxd4 4. Nxd4 Nf6 5. Nc3 g6 6. Be3 Bg7 7. f3 Nc6 8.
Qd2 O-O 9. Bc4 Bd7 10. Bb3 Rb8 11. O-O-O Na5 12. g4 b5 13. Bh6 Bxh6 14.
Qxh6 b4 15. Nd5 Nxb3+ 16. Nxb3 Nxd5 17. exd5 Rb6 18. Rhg1 e5 19. f4 f5 20.
gxf5 Bxf5 21. fxe5 dxe5 22. Kb1 Rd6 23. Qd2 a5 24. Nc1 Qb6 25. Rgf1 Qc5 26.
Nb3 Qb5 27. Ka1 a4 28. Nc1 Rfd8 29. Rxf5 Rxd5 30. Nd3 b3 31. Qh6 bxc2 32.
Rdf1 Qe8 33. Rf7 Qxf7 34. Rxf7 Kxf7 35. Qxh7+ Kf6 36. Qh4+ Ke6 37. Qg4+ Ke7
38. Qh4+ Ke6 39. Qg4+ Kf6 40. Qh4+ Kf5 41. Qh3+ Ke4 42. Nf2+ Kf4 43. Qg3+
Kf5 44. Qg4+ Kf6 45. Qh4+ Ke6 46. Qc4 Rf8 47. Qxc2 Rxf2 48. Qxg6+ Ke7 49.
a3 Rd1+ 50. Ka2 Rdd2 51. Qb6 Rxh2 52. Qb4+ Ke6 53. Qc4+ Kf6 54. Qxa4 Rxb2+
55. Ka1 Rbf2 56. Qc6+ Kg5 57. Qc1+ Kg4 58. a4 e4 59. a5 e3 60. a6 e2 61.
Qc8+ Kg3 62. Qg8+ Kh3 63. Qc8+ Kg2 64. Qg4+ Kh1 65. Qe4+ Kg1 66. Qg4+ Rhg2
0-1

[Event "Gotth' Art Cup IM"]
[Site "Szentgotthard HUN"]
[Date "2010.02.25"]
[Round "4"]
[White "Szabo,Ben"]
[Black "Paschall,W"]
[Result "1/2-1/2"]
[WhiteElo "2261"]
[BlackElo "2398"]
[EventDate "2010.02.22"]

1. d4 g6 2. c4 Bg7 3. e4 Nc6 4. Be3 d6 5. Nc3 Nf6 6. Be2 e5 7. Nf3 Bg4 8.
d5 Bxf3 9. Bxf3 Nd4 10. Bxd4 exd4 11. Qxd4 O-O 12. O-O a5 13. Qd2 Nd7 14.
Rad1 a4 15. Qc2 Nc5 16. Nb5 Re8 17. Rfe1 Be5 18. Re2 Qb8 19. g3 c6 20. Nc3
Qc7 21. Bg2 Qb6 22. Kh1 a3 23. b3 1/2-1/2

[Event "Gotth' Art Cup IM"]
[Site "Szentgotthard HUN"]
[Date "2010.02.25"]
[Round "4"]
[White "Baratosi,D"]
[Black "Nagy,Ga1"]
[Result "0-1"]
[WhiteElo "2396"]
[BlackElo "2278"]
[EventDate "2010.02.22"]

1. e4 c5 2. Nf3 Nc6 3. d4 cxd4 4. Nxd4 Nf6 5. Nc3 d6 6. Bc4 e6 7. Be3 Be7
8. Qe2 a6 9. O-O-O Qc7 10. Bb3 O-O 11. Rhg1 Nd7 12. g4 Nc5 13. g5 Bd7 14.
Rg3 Rfc8 15. Qh5 g6 16. Qh6 Bf8 17. Qh4 Nxd4 18. Rxd4 b5 19. Rh3 h5 20.
gxh6 Kh7 21. Qf6 Be8 22. e5 dxe5 23. Rdh4 Qe7 24. Qxe5 Qc7 25. Qf6 Qe7 26.
Qf4 b4 27. Bxc5 Rxc5 28. Ne4 Rf5 29. Qe3 Rc8 30. Rf4 Kh8 31. Rxf5 gxf5 32.
Qg3 f6 33. h7 Bf7 34. Nd2 a5 35. Qh4 Qb7 36. f3 Bg7 37. Rg3 e5 38. Rg2 Qc6
39. Nf1 Bxb3 40. axb3 Qxf3 41. Rf2 Qxb3 42. Kb1 Qc4 43. Qh3 f4 44. Qf5 Rd8
45. Nd2 Qf7 46. b3 Qd7 47. Qg6 f5 0-1

[Event "Gotth' Art Cup IM"]
[Site "Szentgotthard HUN"]
[Date "2010.02.25"]
[Round "4"]
[White "Lorand,N"]
[Black "Biro,S"]
[Result "0-1"]
[WhiteElo "2346"]
[BlackElo "2298"]
[EventDate "2010.02.22"]

1. e4 e6 2. d4 d5 3. Nc3 Nc6 4. Nf3 Nf6 5. e5 Ne4 6. Ne2 f6 7. Ng3 fxe5 8.
dxe5 Be7 9. c3 Nc5 10. Bb5 O-O 11. O-O a6 12. Bxc6 bxc6 13. Nd4 Bd7 14. Qg4
Rf7 15. f4 Kh8 16. Be3 g6 17. Nf3 Qg8 18. Ng5 Rff8 19. Ne2 Nb7 20. c4 Nd8
21. Rac1 Bc8 22. Qg3 h6 23. Nf3 Rb8 24. b3 Qh7 25. Qf2 Ba3 26. Bc5 Bxc5 27.
Qxc5 Kg8 28. Nfd4 Rb6 29. Qa3 c5 30. Qxc5 Nb7 31. Qa3 c5 32. Nf3 d4 33. Nd2
g5 34. Ng3 gxf4 35. Nh5 Qd3 36. Rf2 Rf5 37. Nf6+ Rxf6 38. exf6 e5 39. Re1
Qf5 40. Rfe2 Re6 41. Ne4 d3 42. Rd2 Bd7 43. Nxc5 Nxc5 44. Qxc5 Bc6 45. Qa7
Qxf6 46. Rxd3 e4 47. Qb8+ Kh7 48. Rd8 e3 49. Qa7+ Re7 50. Qd4 Re5 51. Rd6
Qh4 52. g3 Qxh2+ 0-1

[Event "Gotth' Art Cup IM"]
[Site "Szentgotthard HUN"]
[Date "2010.02.26"]
[Round "5"]
[White "Nagy,Ga1"]
[Black "Banas,J"]
[Result "1-0"]
[WhiteElo "2278"]
[BlackElo "2341"]
[EventDate "2010.02.22"]

1. e4 c5 2. Nf3 e6 3. d4 cxd4 4. Nxd4 a6 5. Bd3 Qb6 6. Nb3 Qc7 7. Qe2 d6 8.
O-O Nf6 9. c4 Nbd7 10. f4 g6 11. Nc3 Bg7 12. Bd2 O-O 13. Rae1 b6 14. Nd1
Bb7 15. Bc3 b5 16. cxb5 axb5 17. a3 e5 18. f5 Bc6 19. fxg6 hxg6 20. Nf2 d5
21. Bb4 Rfb8 22. Rc1 dxe4 23. Nxe4 Qb7 24. Nec5 Nxc5 25. Nxc5 Qa7 26. Kh1
Nd5 27. Bd2 Nf4 28. Bxf4 exf4 29. Ne6 Qb7 30. Nxf4 Re8 31. Qg4 Rad8 32. h4
Re5 33. Bb1 Be4 34. Bxe4 Rxe4 35. Qg5 Rd2 36. Rf3 Re5 37. Qg3 Rxb2 38. Nd3
Rh5 39. Nxb2 Bxb2 40. Re1 b4 41. axb4 Qxb4 42. Rf4 Qd6 43. Re8+ Kg7 44.
Rxf7+ Kxf7 45. Qxd6 Rxh4+ 46. Kg1 Bd4+ 47. Kf1 Kxe8 48. Qxg6+ Ke7 49. g3
Rh1+ 50. Kg2 Rd1 51. Qh7+ Ke6 52. Qe4+ Kd6 53. Qf4+ Kc5 54. Qc7+ Kb4 55. g4
Rg1+ 56. Kf3 Kb3 57. Qc8 Kb4 58. Ke4 Bc5 59. Kf5 Kc4 60. g5 Rf1+ 61. Kg6
Rg1 62. Kf6 Kd5 63. Qe6+ Kd4 64. g6 Kc3 65. Qc6 Kb4 66. Qe4+ Kc3 67. Qc6
Kb4 68. Qd5 Rg4 69. Qd2+ 1-0

[Event "Gotth' Art Cup IM"]
[Site "Szentgotthard HUN"]
[Date "2010.02.26"]
[Round "5"]
[White "Rudolf,An"]
[Black "Szabo,Ben"]
[Result "1-0"]
[WhiteElo "2283"]
[BlackElo "2261"]
[EventDate "2010.02.22"]

1. e4 c5 2. Nf3 d6 3. d4 cxd4 4. Nxd4 Nf6 5. Nc3 a6 6. Be2 e5 7. Nb3 Be7 8.
O-O O-O 9. Be3 Be6 10. Qd2 Nbd7 11. a4 Qc7 12. Rfd1 Nb6 13. a5 Nc4 14. Bxc4
Qxc4 15. f3 Rfd8 16. Na4 Qb5 17. Nb6 Rab8 18. Bg5 h6 19. Bxf6 Bxf6 20. Qd3
Qc6 21. Nc1 Re8 22. c3 Be7 23. Kh1 Rbd8 24. Na2 Bg5 25. Nb4 Qc7 26. N4d5
Qb8 27. g3 h5 28. h4 Bh6 29. Rg1 Bxd5 30. Nxd5 Qc8 31. Rg2 Re6 32. Ra4 Qd7
33. Rc4 Rg6 34. Kh2 Kf8 35. Rc7 Qa4 36. b4 Re6 37. Rxb7 g5 38. Qxa6 gxh4
39. gxh4 Qd1 40. Qe2 Qc1 41. Rg1 Bf4+ 42. Kh1 1-0

[Event "Gotth' Art Cup IM"]
[Site "Szentgotthard HUN"]
[Date "2010.02.26"]
[Round "5"]
[White "Biro,S"]
[Black "Baratosi,D"]
[Result "1-0"]
[WhiteElo "2298"]
[BlackElo "2396"]
[EventDate "2010.02.22"]

1. e4 e5 2. Nf3 Nc6 3. Nc3 Nf6 4. a3 Be7 5. d4 exd4 6. Nxd4 O-O 7. Nxc6
bxc6 8. e5 Ne8 9. Qh5 d6 10. Bd3 f5 11. Bf4 Rb8 12. O-O-O Be6 13. exd6 Bxd6
14. Qf3 Bxf4+ 15. Qxf4 Nd6 16. Rhe1 Bf7 17. Qd4 g6 18. h4 Nb5 19. Bxb5 Qxd4
20. Rxd4 cxb5 21. Re7 c5 22. Rdd7 a6 23. Nd5 Kg7 24. Nc7 Kf6 25. Nxa6 Rbc8
26. Nc7 b4 27. a4 b3 28. a5 1-0

[Event "Gotth' Art Cup IM"]
[Site "Szentgotthard HUN"]
[Date "2010.02.26"]
[Round "5"]
[White "Gergacz,A"]
[Black "Lorand,N"]
[Result "0-1"]
[WhiteElo "2421"]
[BlackElo "2346"]
[EventDate "2010.02.22"]

1. e4 e5 2. Nf3 Nc6 3. Bc4 Bc5 4. c3 Nf6 5. d3 d6 6. Bb3 O-O 7. O-O Bb6 8.
h3 h6 9. Re1 Re8 10. Nbd2 a6 11. Nf1 Be6 12. Ba4 Bd7 13. Bc2 d5 14. exd5
Nxd5 15. Ng3 Nf6 16. Ba4 Re6 17. Bxc6 Bxc6 18. Nxe5 Be8 19. d4 c5 20. Be3
Bc7 21. Nd3 Nd5 22. Nf5 Rf6 23. Qh5 Qd7 24. Nh4 Nxe3 25. fxe3 Bg3 26. Rf1
Rxf1+ 27. Rxf1 f5 28. Qxf5 Bxh4 29. Qf8+ Kh7 30. Nxc5 Qe7 31. Qf3 Bb5 32.
Qf5+ Kh8 33. Rf3 Be2 34. e4 Bxf3 35. Qxf3 Rf8 36. Qg4 Qg5 37. Qxg5 Bxg5 38.
e5 Be3+ 39. Kh2 Rf2 40. b3 Rc2 41. Ne4 Bf4+ 42. Kg1 Re2 0-1

[Event "Gotth' Art Cup IM"]
[Site "Szentgotthard HUN"]
[Date "2010.02.27"]
[Round "6"]
[White "Banas,J"]
[Black "Biro,S"]
[Result "1/2-1/2"]
[WhiteElo "2341"]
[BlackElo "2298"]
[EventDate "2010.02.22"]

1. Nf3 Nc6 2. c4 e5 3. Nc3 Nf6 4. e3 Bb4 5. Qb3 e4 6. Nd4 Nxd4 7. exd4 Bxc3
8. bxc3 O-O 9. Be2 d5 10. O-O c6 11. cxd5 cxd5 12. d3 Qc7 13. dxe4 Nxe4 14.
f3 Nxc3 15. Bd3 Re8 16. Bd2 Ne2+ 17. Kh1 Nxd4 18. Qxd5 Rd8 19. Qh5 g6 20.
Qh6 Ne6 21. Be2 Rd5 22. Qe3 Qc5 23. f4 Qxe3 24. Bxe3 Ng7 25. Bf3 Rd3 26.
Rfe1 Nf5 27. Bg1 Rxf3 28. Re8+ Kg7 29. gxf3 b6 30. Bf2 Bb7 31. Rxa8 Bxf3+
32. Kg1 Bxa8 33. Rc1 Bd5 34. a3 Ne7 35. Bd4+ Kf8 36. Rc7 Nc6 37. Bf6 Ke8
38. Kf2 b5 39. Rb7 a6 40. Rb6 Kd7 41. Rxa6 Kc7 42. Ra8 Be6 43. Rh8 h5 44.
Ke3 b4 45. axb4 1/2-1/2

[Event "Gotth' Art Cup IM"]
[Site "Szentgotthard HUN"]
[Date "2010.02.27"]
[Round "6"]
[White "Feher,Ad"]
[Black "Lorand,N"]
[Result "0-1"]
[WhiteElo "2260"]
[BlackElo "2346"]
[EventDate "2010.02.22"]

1. e4 e5 2. Nf3 Nc6 3. Bb5 Nf6 4. d3 d6 5. O-O Be7 6. d4 exd4 7. Nxd4 Bd7
8. Re1 Nxd4 9. Bxd7+ Nxd7 10. Qxd4 O-O 11. Nc3 Bf6 12. Qd3 Nc5 13. Qg3 Re8
14. Bd2 Re6 15. Re2 c6 16. Rd1 Qb6 17. b3 Rae8 18. Kh1 d5 19. b4 Nxe4 20.
Nxe4 dxe4 21. Rde1 c5 22. a3 cxb4 23. axb4 Qc6 24. Qb3 b5 25. Be3 a6 26.
Rd1 Rd8 27. Rxd8+ Bxd8 28. Bc5 a5 29. Rd2 Bf6 30. c4 a4 31. Qc2 h6 32. h3
Qa6 33. cxb5 Qxb5 34. Rd1 a3 35. Qa2 Bb2 36. Kg1 Qc6 37. Qb3 Re8 38. Rd6
Qb5 39. Rb6 Qd3 40. Qa4 Rd8 41. Ra6 Qb1+ 42. Kh2 Be5+ 43. g3 Rd1 44. Qe8+
Kh7 45. Rxh6+ Kxh6 46. Be3+ Kh7 0-1

[Event "Gotth' Art Cup IM"]
[Site "Szentgotthard HUN"]
[Date "2010.02.27"]
[Round "6"]
[White "Szabo,Ben"]
[Black "Nagy,Ga1"]
[Result "1/2-1/2"]
[WhiteElo "2261"]
[BlackElo "2278"]
[EventDate "2010.02.22"]

1. d4 Nf6 2. c4 c5 3. d5 e6 4. Nc3 exd5 5. cxd5 d6 6. Nf3 g6 7. Nd2 Bg7 8.
e4 a6 9. a4 O-O 10. Be2 Re8 11. O-O Nbd7 12. f4 c4 13. Kh1 Nc5 14. e5 dxe5
15. fxe5 Rxe5 16. Nxc4 Re8 17. a5 Nfd7 18. Be3 Ne4 19. Nxe4 Rxe4 20. Qd2
Ne5 21. Nb6 Rb8 22. Bf4 Bf5 23. Rac1 Bf8 24. Bxe5 1/2-1/2

[Event "Gotth' Art Cup IM"]
[Site "Szentgotthard HUN"]
[Date "2010.02.27"]
[Round "6"]
[White "Paschall,W"]
[Black "Rudolf,An"]
[Result "1/2-1/2"]
[WhiteElo "2398"]
[BlackElo "2283"]
[EventDate "2010.02.22"]

1. d4 e6 2. c4 Nf6 3. Nc3 Bb4 4. e3 O-O 5. Bd3 d5 6. cxd5 exd5 7. Nge2 b6
8. O-O Bb7 9. f3 Re8 10. Kh1 Nbd7 11. g4 h6 12. Qe1 a5 13. Rg1 Ba6 14. Bxa6
Rxa6 15. Bd2 c6 16. Rg2 Qe7 17. h4 Nh7 18. Qf2 a4 19. a3 Bd6 20. e4 dxe4
21. fxe4 c5 22. e5 Bb8 23. Nd5 Qd8 24. Rf1 Nxe5 25. Nef4 Nd3 26. Nxd3 Qxd5
27. dxc5 bxc5 28. Bc3 Nf6 29. Qf5 g6 30. Qxd5 Nxd5 31. Nxc5 Rc6 32. Nd7
Nxc3 33. bxc3 Rd8 34. Nxb8 Rxb8 35. Rf4 Rxc3 36. Rxa4 Rh3+ 37. Rh2 Rb1+ 38.
Kg2 Rc3 39. Rf4 Rxa3 40. g5 Rb2+ 41. Rf2 Rxf2+ 42. Kxf2 Ra2+ 43. Kg3 Rxh2
44. Kxh2 f5 45. gxf6 Kf7 46. Kg3 Kxf6 47. Kf4 Kf7 48. Kf3 Ke7 49. Ke3 Kd7
50. Kd3 Kc7 51. Ke4 Kd6 52. Kd4 Ke6 53. Ke4 Kf6 54. Kf4 g5+ 1/2-1/2